000 00644nam a2200193 a 4500
001 000024143
005 20200930022744.0
008 110119s1948 xxu r 001 0 spa d
040 _aDO-SdBNP
_bspa
_cBNPHU
082 _axxxxxx
_bM959a
100 1 _aMullins, E. Y.
_949571
245 1 0 _aAxiomas de religión :
_buna nueva interpretación de la fe bautista /
_cE. Y. Mullins ; traducción Félix Buldain y J. E. Davis.
250 _a2a ed.
260 _aTexas :
_bCasa Bautista de Publicaciones,
_c1948.
300 _a282 p. ;
_c20 cm.
500 _aIncluye índice general.
700 1 _aBuldain y J. E. Davis, Félix
_949572
049 _aBNGR
999 _c23637
_d23637